|
|
|
|
| LEADER |
00000nam0a2200000 4500 |
| 001 |
248774 |
| 005 |
20231101232423.0 |
| 020 |
|
|
|a RU
|b 89-23499
|
| 035 |
|
|
|a (RuTPU)RU\TPU\book\270651
|
| 090 |
|
|
|a 248774
|
| 100 |
|
|
|a 20140127d1988 k a0rusy5003 ca
|
| 101 |
0 |
|
|a rus
|
| 102 |
|
|
|a UA
|
| 105 |
|
|
|a y z 001zy
|
| 200 |
1 |
|
|a Методы обоснования характеристик технологических процессов эксплуатации радиоэлектронного оборудования гражданской авиации
|e сборник научных трудов
|f Киевский институт инженеров гражданской авиации ; под ред. В. С. Новикова
|
| 210 |
|
|
|a Киев
|c КИИГА
|d 1988
|
| 215 |
|
|
|a 156 с.
|c ил.
|
| 320 |
|
|
|a Библиогр. в конце ст.
|
| 606 |
1 |
|
|a Авиационная радиоэлектроника
|2 stltpush
|3 (RuTPU)RU\TPU\subj\132
|9 29161
|
| 610 |
1 |
|
|a авиационное радиооборудование
|
| 610 |
1 |
|
|a технологические процессы
|
| 610 |
1 |
|
|a эксплуатация
|
| 610 |
1 |
|
|a гражданская авиация
|
| 675 |
|
|
|a 629.73.05:621.3
|z rus
|v 3
|
| 702 |
|
1 |
|a Новиков
|b В. С.
|g Владимир Стефанович
|4 340
|
| 712 |
0 |
2 |
|a Киевский институт инженеров гражданской авиации
|2 stltpush
|3 (RuTPU)RU\TPU\col\7483
|9 24336
|
| 801 |
|
0 |
|a RU
|b RuMRKP
|c 19950417
|g psbo
|
| 801 |
|
1 |
|a RU
|b 63413507
|c 20140127
|
| 801 |
|
2 |
|a RU
|b 63413507
|c 20140512
|g RCR
|
| 942 |
|
|
|c BK
|